000 00331nam a2200145Ia 4500
008 230718s9999 xx 000 0 und d
041 _aEng.
082 _a344.12
_bZAR-D
100 _aZara Dr Andleeb
245 0 _aDrug Law in Pakistan
260 _aPakistan
_bManzoor law House
300 _a983
650 _aLaw
999 _c29935
_d29935